Прогноз устойчивости пород на Абаканском буроугольном месторождении; Известия Томского политехнического института [Известия ТПИ]; Т. 288 : Геология

Bibliographische Detailangaben
Parent link:Известия Томского политехнического института [Известия ТПИ]/ Томский политехнический институт (ТПИ).— , 1944-1976
Т. 288 : Геология.— 1976.— [С. 70-75]
1. Verfasser: Пуляев В. Н.
Weitere Verfasser: Рогова Н. С.
Zusammenfassung:Заглавие с титульного листа
Электронная версия печатной публикации
Приводятся сведения об инженерно-геологических исследованиях на месторождении, а также их цель и результаты. Дана краткая классификация пород, обоснован выбор надежных расчетных показателей и приведены результаты предварительных расчетов устойчивости пород в бортах будущих карьеров по принятым расчетным схемам.
Sprache:Russisch
Veröffentlicht: 1976
Schlagworte:
Online-Zugang:Черно-белая версия для предварительного просмотра
Цветная версия без потери качества
Format: Elektronisch Buchkapitel
KOHA link:https://koha.lib.tpu.ru/cgi-bin/koha/opac-detail.pl?biblionumber=239460

MARC

LEADER 00000nla2a2200000 4500
001 239460
005 20231031205454.0
035 |a (RuTPU)RU\TPU\book\260679 
035 |a RU\TPU\book\260677 
090 |a 239460 
100 |a 20130610d1976 k y0rusy50 ca 
101 0 |a rus 
102 |a RU 
135 |a drnn ---uucaa 
181 0 |a i  
182 0 |a b 
200 1 |a Прогноз устойчивости пород на Абаканском буроугольном месторождении  |b Электронный ресурс  |f В. Н. Пуляев, Н. С. Рогова 
203 |a Текст  |c электронный 
215 |a 2 файла (397 Кб, 12.1 Мб) 
230 |a Электронные текстовые данные (2 файла : 397 Кб, 12.1 Мб) 
300 |a Заглавие с титульного листа 
300 |a Электронная версия печатной публикации 
330 |a Приводятся сведения об инженерно-геологических исследованиях на месторождении, а также их цель и результаты. Дана краткая классификация пород, обоснован выбор надежных расчетных показателей и приведены результаты предварительных расчетов устойчивости пород в бортах будущих карьеров по принятым расчетным схемам. 
337 |a Adobe Reader 
461 1 |0 (RuTPU)RU\TPU\book\200995  |t Известия Томского политехнического института [Известия ТПИ]  |f Томский политехнический институт (ТПИ)  |d 1944-1976 
463 1 |0 (RuTPU)RU\TPU\book\260452  |t Т. 288 : Геология  |v [С. 70-75]  |d 1976  |p 128 с. 
610 1 |a электронный ресурс 
610 1 |a труды учёных ТПУ 
675 |a 624.131.222:519.24  |v 3 
700 1 |a Пуляев  |b В. Н. 
701 1 |a Рогова  |b Н. С. 
801 1 |a RU  |b 63413507  |c 20090320  |g PSBO 
801 2 |a RU  |b 63413507  |c 20151118  |g PSBO 
856 4 |u http://www.lib.tpu.ru/fulltext/v/Bulletin_TPU/1976/v288/16_bw.pdf  |z Черно-белая версия для предварительного просмотра 
856 4 |u http://www.lib.tpu.ru/fulltext/v/Bulletin_TPU/1976/v288/16_full.pdf  |z Цветная версия без потери качества 
942 |c CF